00254nam a2200097Ia 45000010005000000080041000050820022000461000016000682450054000842600018001384061241024s9999 xx 000 0 und d aRD/788/N973m/2015 aAna Nuñez 0aManual de teoría y práctica para flauta dulce bFUNANATc2015